| 000 | 02085nam a2200217Ia 4500 | ||
|---|---|---|---|
| 001 | b6614-47582 | ||
| 003 | IT-MiCISF | ||
| 008 | 161014s9999||||xx |||||||||||||| ||und|| | ||
| 040 |
_aIT-MiCISF _cIT-MiCISF |
||
| 041 | _ait | ||
| 100 | _aCesareo Vincenzo | ||
| 245 | 0 |
_aDieci anni di immigrazione in Lombardia _bRapporto 2009 |
|
| 250 | _a1a ed. | ||
| 260 |
_a Milano _bFondazione ISMU _c2010 |
||
| 300 | _app. 556 | ||
| 500 | _ain collaborazione con Osservatorio regionale per l'integrazione e la multietnicità, Regione Lombardia. Alliata di Villafranca V., Camilli G., Codini E., Bonetti P., Gioiosas M., Blangiardo G.C., Zanfrini L., Caria M.P., Mirabelli S.M., Besozzi E..... / società-multiculturale, situazione-demografica, servizi-sociali, integrazione, legislazione, territorio, scuola, salute, famiglia-migranti, lavoro, abitazione, devianza, prostituzione, associazionismo / Per celebrare il decennale dell'Osservatorio regionale per l'integrazione e la multietnicità (ORIM), istituito dal Consiglio regionale lombardo, e con la collaborazione della Fondazione ISMU (Iniziative e studi sulla multietnicità), né stata pubblicata una serie di volumi che testimoniano le diverse attività di indagine dell'Osservatorio. Il volume raccoglie i principali esiti della ricostruzione storica di dieci anni di immigrazione nella regione Lombardia, con una riflessione sui nodi e sui problemi emersi nonché sulle buone pratiche e possibili soluzioni volte allo sviluppo di politiche di intergrazione, realizzando - ove possibile - un confronto con altre realtà europee. Nel dettaglio dei capitoli viene analizzata la legislazione regionale concernente gli immigrati, i diritti politici degli stranieri, la presenza nella scuola e nel lavoro, la famiglia ricongiunta e la salute, le condizioni abitative, il fenomeno criminalità e prostituzione, l'associazionismo degli immigrati e i progetti regionali e locali per l'integrazione degli stranieri. | ||
| 650 |
_a Famiglia nella società / società _e006 |
||
| 700 | _aAA.VV. | ||
| 942 | _cBK | ||
| 957 | _71 | ||
| 999 |
_a47582 _bsi _g1 _c210414 _d210414 |
||